[Event "ROM-ch U10"]
[Site "Calimanesti Caciulata"]
[Date "2019.04.21"]
[Round "8"]
[White "Radu, Mihai Alexandru"]
[Black "Basturea, Darius Alexandru"]
[Result "1-0"]
[WhiteElo "1122"]
[BlackElo "1199"]
[PlyCount "79"]
[EventDate "2019.04.15"]
[EventType "swiss"]
[EventRounds "9"]
[EventCountry "ROU"]
[SourceTitle "CBM 190 Extra"]
[Source "ChessBase"]
[SourceDate "2019.07.15"]
[SourceVersion "1"]
[SourceVersionDate "2019.07.15"]
[SourceQuality "1"]

1. d4 d5 2. c4 e6 3. Nc3 c6 4. Nf3 Bd6 5. c5 Bc7 6. Bg5 f6 7. Bh4 Qe7 8. e3 Nd7 9. Bd3 g5 10. Bg3 Bxg3 11. fxg3 f5 12. Nd2 Ngf6 13. Qc2 Ne4 14. Bxe4 dxe4 15. 0-0-0 Nf6 16. Rhf1 Nd5 17. Nc4 0-0 18. Rde1 Nb4 19. Qd2 Nd3+ 20. Kb1 Nxe1 21. Rxe1 b5 22. Ne5 Bb7 23. Qc2 a5 24. g4 fxg4 25. Qxe4 Rad8 26. Nxg4 Kh8 27. Qe5+ Qg7 28. Qxe6 Qg6+ 29. Qxg6 hxg6 30. Ne5 Kh7 31. Ne4 Rf5 32. g4 Rff8 33. Nxg5+ Kg8 34. Ne6 b4 35. Nxd8 Rxd8 36. Nxg6 Kf7 37. Ne5+ Kf6 38. Rf1+ Kg5 39. Rf5+ Kh4 40. Rh5# 1-0

[Event "ROM-ch U10"]
[Site "Calimanesti Caciulata"]
[Date "2019.04.20"]
[Round "7"]
[White "Filip, Gabriel"]
[Black "Basturea, Darius Alexandru"]
[Result "1-0"]
[WhiteElo "1056"]
[BlackElo "1199"]
[PlyCount "73"]
[EventDate "2019.04.15"]
[EventType "swiss"]
[EventRounds "9"]
[EventCountry "ROU"]
[SourceTitle "CBM 190 Extra"]
[Source "ChessBase"]
[SourceDate "2019.07.15"]
[SourceVersion "1"]
[SourceVersionDate "2019.07.15"]
[SourceQuality "1"]

1. Nf3 d5 2. g3 e6 3. d3 Bd6 4. Bg2 h6 5. 0-0 c6 6. Nc3 f5 7. e4 Ne7 8. Re1 0-0 9. Bd2 Ng6 10. b3 Ne5 11. Nxe5 Bxe5 12. Rc1 Bd4 13. Ne2 Bb6 14. Nf4 e5 15. Ng6 Rf6 16. exf5 Rxf5 17. Be3 d4 18. Bd2 Qf6 19. Nh4 Rxf2 20. Nf3 Rxg2+ 21. Kxg2 Bg4 22. Rf1 Nd7 23. h3 Bxf3+ 24. Rxf3 Qe6 25. Qe2 Rf8 26. Rcf1 Qd5 27. Kh2 Nf6 28. Bxh6 gxh6 29. Rxf6 Rxf6 30. Rxf6 Kg7 31. Rf5 Qe6 32. Rxe5 Qf6 33. Re7+ Kf8 34. Re8+ Kf7 35. Qh5+ Kg7 36. Qg4+ Qg6 37. Rg8+ 1-0

[Event "ROM-ch U10"]
[Site "Calimanesti Caciulata"]
[Date "2019.04.17"]
[Round "4"]
[White "Marica, Tudor Denis"]
[Black "Basturea, Darius Alexandru"]
[Result "0-1"]
[WhiteElo "1145"]
[BlackElo "1199"]
[PlyCount "118"]
[EventDate "2019.04.15"]
[EventType "swiss"]
[EventRounds "9"]
[EventCountry "ROU"]
[SourceTitle "CBM 190 Extra"]
[Source "ChessBase"]
[SourceDate "2019.07.15"]
[SourceVersion "1"]
[SourceVersionDate "2019.07.15"]
[SourceQuality "1"]

1. e4 c5 2. b3 e6 3. Bb2 Nf6 4. Nc3 Qc7 5. g3 a6 6. Bg2 Be7 7. Nf3 d6 8. d3 b5 9. a3 Bb7 10. h4 Nbd7 11. Bh3 h6 12. g4 Nh7 13. Qe2 Ndf6 14. Qe3 d5 15. d4 cxd4 16. Qxd4 dxe4 17. Nd2 e3 18. Nde4 exf2+ 19. Kf1 Rd8 20. Qe3 Nxe4 21. Nxe4 Bxe4 22. Qxe4 Bf6 23. Bxf6 Nxf6 24. Qe2 Qc3 25. Rd1 Rxd1+ 26. Qxd1 0-0 27. Kg2 Qc6+ 28. Kh2 Qc7+ 29. Kg2 Rd8 30. Qe2 Qc6+ 31. Kh2 Qd6+ 32. Kg2 Qd5+ 33. Kh2 Qd2 34. Qxd2 Rxd2 35. Kg3 Rxc2 36. Rf1 Rc3+ 37. Kg2 Rxb3 38. Rxf2 Rxa3 39. Rd2 b4 40. Kh2 b3 41. Kg1 Ra2 42. Rd8+ Kh7 43. Rb8 b2 44. Bf1 Nxg4 45. Bd3+ g6 46. Bb1 Ra3 47. Rxb2 Rh3 48. Rb7 Kg7 49. Ba2 Kf6 50. Ra7 Rxh4 51. Rxa6 Ne5 52. Kf2 g5 53. Bb1 Rf4+ 54. Kg3 h5 55. Ra7 h4+ 56. Kh3 Rf3+ 57. Kg2 Rg3+ 58. Kh2 Nf3+ 59. Kh1 Rg1# 0-1

[Event "ROM-ch U10"]
[Site "Calimanesti"]
[Date "2018.03.29"]
[Round "4"]
[White "Petrica, Dan Andrei"]
[Black "Basturea, Darius Alexandru"]
[Result "0-1"]
[WhiteElo "1039"]
[BlackElo "1251"]
[PlyCount "54"]
[EventDate "2018.03.27"]
[EventType "swiss"]
[EventRounds "9"]
[EventCountry "ROU"]
[SourceTitle "CBM 183 Extra"]
[Source "ChessBase"]
[SourceDate "2018.04.19"]
[SourceVersion "1"]
[SourceVersionDate "2018.04.19"]
[SourceQuality "1"]

1. e4 e6 2. d4 d5 3. Bd3 dxe4 4. Bxe4 Nf6 5. Bd3 c6 6. Nf3 h6 7. Be3 Bd6 8. Nc3 Nbd7 9. 0-0 Qc7 10. g3 g5 11. Nd2 Rg8 12. Nc4 h5 13. Nxd6+ Qxd6 14. h3 h4 15. g4 b6 16. Qd2 Nf8 17. Bxg5 N6h7 18. Bxh4 f5 19. g5 Qxd4 20. Bg3 Nxg5 21. Kg2 Ngh7 22. Nb5 Qd5+ 23. Kh2 cxb5 24. Rae1 Ng5 25. Qf4 Nf3+ 26. Kg2 Nxe1+ 27. Kg1 Qg2# 0-1